|
|
|
|
| LEADER |
01114nam a22002537a 4500 |
| 001 |
AAL4125 |
| 003 |
BD-DhAAL |
| 005 |
20260503172526.0 |
| 008 |
160207m20001999bg a|||| |||| 00| 0 ben d |
| 020 |
|
|
|a 9844014994
|
| 040 |
|
|
|a BD-DhAAL
|c BD-DhAAL
|
| 041 |
0 |
|
|a ben
|
| 082 |
|
|
|a 378.1/98/1095492
|
| 100 |
|
|
|a হাননান, মোহাম্মদ.
|9 17843
|
| 245 |
|
|
|a বাংলাদেশের ছাত্র আন্দোলনের ইতিহাস.
|g ১৮৩০-১৯৭১ /
|c মোহাম্মদ হাননান.
|
| 260 |
|
|
|a ঢাকা :
|b আগামী প্রকাশনী,
|c ২০০০.
|
| 300 |
|
|
|a ৬৩৬ পৃ. :
|b চিত্র ;
|c ২২ সে.মি.
|
| 541 |
|
|
|e 4125
|
| 650 |
|
|
|a Student movements
|z Bangladesh.
|9 17836
|
| 650 |
|
|
|a Students
|x Political activity
|z Bangladesh.
|9 17837
|
| 650 |
|
|
|a Student movements.
|9 17838
|
| 942 |
|
|
|2 ddc
|c BK
|
| 999 |
|
|
|c 36797
|d 36797
|
| 952 |
|
|
|0 0
|1 0
|2 ddc
|4 0
|6 378_100000000000000_98_1095492_HAN
|7 0
|9 57913
|a SCL
|b SCL
|c GEN
|d 2016-02-07
|g 600.00
|l 3
|m 6
|o 378.1981095492 HAN
|p 3020004125
|r 2023-10-19
|s 2023-10-07
|t 1
|w 2016-02-07
|y BK
|